000 00899pam a2200277 a 4500
001 2959906
003 OSt
005 20140310182143.0
008 910430s1991 miua b 000 0 eng
010 _a 91018017
020 _a0940279398 :
_c$12.95
040 _aDLC
_cDLC
_dDLC
050 0 0 _aGV 546
_b.B83 1992
082 0 0 _aHS 631.17
_bB83 1991
100 1 _aBrzycki, Matt
_d1957-
_915370
245 1 2 _aA practical approach to strength training /
_cMatt Brzycki.
250 _aRev. ed.
260 _aGrand Rapids, Mich. :
_bMasters Press,
_cc1992.
300 _a223 p. :
_bill. ;
_c26 cm.
650 0 _aWeight training.
_915371
650 0 _aWeight training
_xEquipment and supplies.
_915372
906 _a7
_bcbc
_corignew
_d1
_eocip
_f19
_gy-gencatlg
942 _2lcc
_cHS
999 _c9874
_d9874